|
|
|
|
| LEADER |
00734nam a2200217 a 4500 |
| 001 |
c000080937 |
| 003 |
CARM |
| 005 |
00000000000000.0 |
| 008 |
890518s1929 enk 00011 eng d |
| 019 |
1 |
|
|a 6341393
|z 26472644
|z 60426855
|5 LACONCORD2021
|
| 035 |
|
|
|a (OCoLC)5784859
|5 LACONCORD2021
|
| 040 |
|
|
|a WN
|c WN
|
| 100 |
1 |
|
|a Ertz, Susan.
|
| 245 |
1 |
4 |
|a The galaxy /
|c by Susan Ertz.
|
| 260 |
|
|
|a London :
|b Hodder and Stoughton,
|c 1929.
|
| 300 |
|
|
|a 370 p.
|
| 500 |
|
|
|a Novel.
|
| 852 |
8 |
|
|b CARM
|h A2:AH17G0
|i A01819
|p 0135369
|f BK
|
| 082 |
0 |
4 |
|a [Fic]
|2 19
|
| 999 |
f |
f |
|i 464ed441-b63b-592b-a517-e7428eb94686
|s a074e51b-8f77-5a38-99c1-703e3d3d2d14
|
| 952 |
f |
f |
|p Can circulate
|a CAVAL
|b CAVAL
|c CAVAL
|d CARM 1 Store
|e A01819
|f A2:AH17G0
|h Other scheme
|i book
|m 0135369
|